000 00706nam a2200241 4500
001 31230
003 BD-RjUL
005 20211209051656.0
008 140413t19681927nyu b 001 0beng
035 _a(BD-RjUL)31317
040 _aDLC
_cDLC
_dDLC
_dBD-RjUL
_beng
041 _aeng
082 0 0 _a232.9
_bCAJ 1968
100 1 _aCase, Shirley Jackson,
_d1872-1947.
_995020
245 1 0 _aJesus; a new biography /
_cShirley Jackson Case.
260 _aNew York,
_bGreenwood Press
_c c1927 [Printing 1968].
300 _aix, 452 p. ;
_c23 cm.
504 _aBibliographical footnotes.
600 0 0 _aJesus Christ
_xBiography.
_995034
942 _2ddc
_cBK
999 _c31230
_d31230